|
|
|
|
| LEADER |
00000nab a2200000 a 4500 |
| 001 |
vtls000910902 |
| 003 |
SK-MaSNL |
| 005 |
20260302173218.0 |
| 008 |
040720e19970818xo 0 slo |
| 035 |
|
|
|a KE19823
|
| 040 |
|
|
|a KEVKJB
|b slo
|c KEVKJB
|e AACR2
|
| 041 |
0 |
|
|a slo
|
| 044 |
|
|
|a xo
|c SK
|
| 100 |
0 |
|
|a juj
|4 aut
|9 873310
|
| 245 |
1 |
0 |
|a Valalický jarmok
|
| 611 |
1 |
7 |
|a Valalický jarmok
|2 KEVKJB
|9 880538
|
| 650 |
0 |
7 |
|a jarmoky
|2 KEVKJB
|9 21891
|
| 650 |
0 |
7 |
|a reportáže
|2 KEVKJB
|9 75670
|
| 651 |
|
7 |
|a Valaliky (Slovensko)
|2 KEVKJB
|9 31699
|
| 651 |
|
7 |
|a Košice-okolie (Slovensko : okres)
|2 KEVKJB
|9 146743
|
| 651 |
|
7 |
|a KS,
|2 KEVKJB
|9 880381
|
| 651 |
|
7 |
|a KS,
|2 KEVKJB
|9 880381
|
| 655 |
|
7 |
|a periodikum
|2 snkbucl
|9 29553
|
| 773 |
0 |
8 |
|t Košický večer
|g Roč. 8
|g Roč. 29, č.160, 18.8.1997, s. 2
|
| 852 |
|
|
|a ZVYKNI
|b KIS3GCP
|
| 999 |
|
|
|c 1401039
|d 1402969
|